|
|
|
|
| LEADER |
00000nam a2200000 a 4500 |
| 001 |
vtls001265555 |
| 003 |
SK-MaSNL |
| 005 |
20260301003856.0 |
| 008 |
240315s1979 xr oa 0 000 cze |
| 035 |
|
|
|a SNK000216485
|
| 040 |
|
|
|a SNK
|b slo
|c SNK
|e AACR2
|
| 041 |
|
|
|a cze
|
| 044 |
|
|
|a xr
|c cz
|
| 080 |
|
|
|a 376-056.17(035)
|2 2001
|
| 100 |
1 |
|
|a Sovák, Miloš,
|d 1905-1989
|4 aut
|9 108756
|
| 245 |
1 |
|
|a Výchova leváků v rodině
|b Aktuální problémy speciální pedagogiky
|c Miloš Sovák ; ilustrace Vladimír Hájek
|
| 250 |
|
|
|a 6. uprav. vyd.
|
| 260 |
|
|
|a Praha
|b Státní pedagogické nakladatelství
|c 1979
|e Pardubice
|f VČT
|
| 300 |
|
|
|a 114, [2] s.
|b Fotogr. Ilustr.
|c 17 cm
|
| 490 |
1 |
|
|a Knižnice speciální pedagogiky
|
| 490 |
1 |
|
|a Aktuální problémy speciální pedagogiky
|
| 650 |
0 |
7 |
|a špeciálna pedagogika
|2 SNKPH
|9 958
|
| 650 |
0 |
7 |
|a ľaváci
|x výchova
|2 SNKPH
|9 285875
|
| 655 |
|
7 |
|a príručky
|2 SNKPH
|9 74364
|
| 700 |
1 |
|
|a Hájek, Vladimír,
|d 1926-1994
|4 ill
|9 203249
|
| 830 |
|
0 |
|a Knižnice speciální pedagogiky
|9 285876
|
| 830 |
|
0 |
|a Aktuální problémy speciální pedagogiky
|9 285877
|
| 958 |
|
|
|a OND
|
| 999 |
|
|
|c 540461
|d 542391
|
| 952 |
|
|
|t P60, <04>, [BOOK], {604}
|a SNK
|b SNK
|y VYP
|7 0
|p 17A0017577
|o snkID 71481 D1
|0 0
|1 1
|4 0
|d 1996-11-08
|l 0
|r 2005-01-01 00:00:00
|w 2026-02-23
|
| 952 |
|
|
|t P60, <04>, [BOOK], {604}
|a SNK
|b SNK
|y VYP
|7 0
|p 17A0205989
|o snkID 71481
|0 0
|1 0
|4 0
|d 1999-08-05
|l 0
|r 2005-01-01 00:00:00
|w 2026-02-23
|